| 000 | 00627nam a2200205 a 4500 | ||
|---|---|---|---|
| 001 | 000014679 | ||
| 005 | 20200929163902.0 | ||
| 008 | 100118s1956 ag 000 0 spa d | ||
| 040 |
_aDO-SdBNP _bspa _cBNPHU |
||
| 041 | 1 | 7 |
_aspa _hger _2Código de idioma MARC |
| 082 |
_a828.99343 _bZ97c |
||
| 100 | 1 |
_aZweig, Stefan, _d1881-1942 _913343 |
|
| 245 | 1 | 4 |
_aLos creadores / _cStefan Zweig ; traducción de Alfredo Cahn. |
| 260 |
_aBuenos Aires : _bTor, _c1956. |
||
| 300 |
_a187 p. ; _c18 cm. |
||
| 650 | 4 |
_aNovela austriaca _912863 |
|
| 650 | 4 |
_aLiteratura austriaca _94014 |
|
| 700 | 1 |
_aCahn, Alfredo, _etr. _921149 |
|
| 049 | _aBNGR | ||
| 999 |
_c14263 _d14263 |
||